000 00422nam a22001697a 4500
999 _c6388
_d6386
005 20210904101516.0
008 200521b xxu||||| |||| 00| 0 eng d
020 _a9789394852887
041 _aeng
082 _a340.0954 PAR
100 _aParanjape ,Dr N V
_96866
245 _aIndia Legal and Constitutional History
260 _aAllahabad
_bCenral Lae Agence
300 _a979p.
650 _aLAW
_95701
942 _cBK